Daňové peripetie Slovensko

Rozhovor s J. Trojákom o problematike daní. Porovnanie daňového systému SR a ČR. Daňoví poradcovia. Prehodnotenie dane z pridanej hodnoty. Nové dane, daňové úniky, daňové zaťaženie občanov a podnikateľov. Sprísnenie kontroly daňových poplatníkov.

Na minha lista:
Detalhes bibliográficos
Autor principal: Troják, J.
Outros Autores: Zábojníková, M.
Formato: Capítulo de Livro
Idioma:tcheco
Assuntos:
Tags: Adicionar Tag
Sem tags, seja o primeiro a adicionar uma tag!

MARC

LEADER 00000naa a2200000 4500
001 r017581
005 20221208130720.7
041 0 |a cze 
044 |a CZ 
245 1 0 |a Daňové peripetie  |b Slovensko  |c J. Troják, M. Zábojníková 
520 |a Rozhovor s J. Trojákom o problematike daní. Porovnanie daňového systému SR a ČR. Daňoví poradcovia. Prehodnotenie dane z pridanej hodnoty. Nové dane, daňové úniky, daňové zaťaženie občanov a podnikateľov. Sprísnenie kontroly daňových poplatníkov. 
610 2 0 |a dane 
610 2 0 |a sústava daňová 
610 2 0 |a poradcovia daňoví 
610 2 0 |a únik daňový 
610 2 0 |a dane z hodnoty pridanej 
610 2 0 |a Slovensko 
610 2 0 |a Česko 
100 1 |a Troják, J. 
700 1 |a Zábojníková, M.